[Event "GER-ch U14"]
[Site "Willingen"]
[Date "2021.08.28"]
[Round "8"]
[White "Ensslinger, Colin"]
[Black "Hayen, Andre"]
[Result "1/2-1/2"]
[WhiteElo "1729"]
[BlackElo "1438"]
[PlyCount "79"]
[EventDate "2021.08.22"]
[EventType "swiss"]
[EventRounds "9"]
[EventCountry "GER"]
[SourceTitle "EXT 2022"]
[Source "ChessBase"]
[SourceDate "2021.10.06"]
[SourceVersion "1"]
[SourceVersionDate "2021.10.06"]
[SourceQuality "1"]

1. b3 e5 2. Bb2 Nc6 3. e3 Nf6 4. Bb5 Bd6 5. Na3 a6 6. Be2 b5 7. c4 b4 8. Nc2 0-0 9. Nf3 a5 10. 0-0 Bb7 11. d4 Re8 12. d5 Nb8 13. Qe1 c6 14. dxc6 dxc6 15. Rd1 Qc7 16. Nh4 Nbd7 17. Nf5 Bf8 18. f3 g6 19. Ng3 Bg7 20. e4 Nf8 21. Bc1 Ne6 22. Qf2 Bf8 23. Be3 Nd7 24. Kh1 Qc8 25. Rd2 Bc5 26. Bxc5 Ndxc5 27. Rb1 Qc7 28. Nf1 Red8 29. Rbd1 Rxd2 30. Rxd2 Rd8 31. Qe3 Rd7 32. Rxd7 Qxd7 33. Qd2 Qxd2 34. Nxd2 Nd4 35. Nxd4 exd4 36. f4 Ne6 37. f5 Nf4 38. Bf1 gxf5 39. g3 Ne6 40. exf5 1/2-1/2